Estados de flujo de efectivo

Detalles Bibliográficos
Autor principal: Estupiǹ̨ Gaitǹ, Rodrigo
Formato: eBook
Lenguaje:español
Publicado: Bogot:̀ ECOE, 2009
Materias:
Acceso en línea:Acceso restringido

MARC

LEADER 00000nam a22000007a 4500
005 20131010135132.0
007 cr|||| ||||
008 131010s2009 co |||||s|||| 00||0 spa d
020 |a 978-958-648-623-1 
035 |a 11562 
040 |a vLex 
090 |c 4543  |d 4543 
100 1 |a Estupiǹ̨ Gaitǹ, Rodrigo 
245 1 0 |a Estados de flujo de efectivo  |h [Recurso electrn̤ico] /  |c Rodrigo Estupiǹ̨ Gaitǹ 
256 |a Servicio en ln̕ea 
260 |a Bogot:̀  |b ECOE,  |c 2009 
300 |a 1 Recurso electrn̤ico 
506 1 |a Contenido solo disponible en los productos indicados  |d vLex Global  |d vLex Global (Academic Edition, excluding Law Schools)  |d vLex Global (U.S. Academic Edition, Law Schools)  |d vLex Global (U.S. Academic Edition, excluding Law Schools)  |d vLex Global (Academic Edition, Law Schools) 
650 0 4 |a Flujo de caja  |z Colombia 
650 0 4 |a Empresas  |x Finanzas 
740 0 |a vLex Libros (Servicio en ln̕ea) 
856 4 0 |u http://vlex.com/source/estados-flujo-efectivo-11562  |z Acceso restringido 
942 |c BOOK 
999 0 |a Cash flow 
999 0 |a Business enterprises--Finance